| 000 | 01000nam a2200241 i 4500 | ||
|---|---|---|---|
| 001 | 30453 | ||
| 003 | ES-MaACL | ||
| 005 | 20230906154210.0 | ||
| 007 | t| | ||
| 008 | 030124q1870 fr ||||1| fre d | ||
| 100 | 1 |
_aBarthélemy, Charles ( _d1825-1888) _9159321 |
|
| 245 | 1 | 0 |
_aErreurs et mensonges historiques. _nPremière série / _cpar Ch. Barthelemy. |
| 250 | _a18e éd. | ||
| 260 |
_aParís : _bLibrairie Blériot, _c[ca. 1870] |
||
| 300 |
_aIV, 286 p. ; _c19 cm. |
||
| 490 | 1 | _aCollection Blériot | |
| 505 | 8 | _aContiene: La papesse Jeanne ; L'Inquisition ; Galilée, martyr de l'Inquisition ; Les rois fainéants ; L'usurpation de Hugues Capet ; La Saint-Barthélémy ; L'homme au masque de fer ; Le père Loriquet ; L'évêque Virgile et les Antipodes. | |
| 650 | 4 |
_aHistoria- _xErrores, invenciones, etc. _9159334 |
|
| 651 | 4 |
_aFrancia- _xHistoria- _xErrores, invenciones, etc. _9159322 |
|
| 830 | 1 |
_aCollection Blériot _9181471 |
|
| 852 | 4 |
_aES-MaACL _jG-123 |
|
| 999 |
_c30453 _d30453 |
||